Humano, demasiado humano

Crítica a la moral: para afirmar la libertad es necesario romper las cadenas del prejuicio moral. Algunos temas que componen la obra son: “De las cosas primeras y últimas”, “Para la historia de los sentimientos morales”, “La vida religiosa”, “Del alma de los artistas y de los escritores”, “Caractere...

Celý popis

Uloženo v:
Podrobná bibliografie
Hlavní autor: Nietzsche, Friedrich
Médium: Kniha
Jazyk:Spanish
Vydáno: Madrid, España EDAF 1979
Témata:
Tagy: Přidat tag
Žádné tagy, Buďte první, kdo vytvoří štítek k tomuto záznamu!

MARC

LEADER 00000nam a22000007a 4500
008 170516b xxu||||| |||| 00| 0 spa d
040 |a cru BVZT 
090 |a 100 N-6hu 
100 |a Nietzsche, Friedrich  |9 753 
245 |a Humano, demasiado humano  |c Carlos Vergara, traductor 
260 |a Madrid, España  |b EDAF  |c 1979 
300 |a 580 páginas 
520 |a Crítica a la moral: para afirmar la libertad es necesario romper las cadenas del prejuicio moral. Algunos temas que componen la obra son: “De las cosas primeras y últimas”, “Para la historia de los sentimientos morales”, “La vida religiosa”, “Del alma de los artistas y de los escritores”, “Caracteres de alta y baja cultura”, “El hombre en la sociedad”, “La mujer y el niño”, entre otros. 
650 |a FILOSOFÍA  |9 5 
650 |a ENSAYOS  |9 146 
650 |a HUMANO, DEMASIADO HUMANO  |9 754 
999 |c 15326  |d 15326 
942 |c 15 D  |h 100 N-6hu  |2 z